000 00436nas a22001337a 4500
999 _c10506
_d10506
003 GBCCL
005 20241126110733.0
008 241111b ||||| |||| 00| 0 eng d
040 _cgbc
245 _aABS Journal (Allahabad Bible Seminary) :
_ba theological journal of Allahabad Bible seminay
260 _aAllahabad :
_bAllahabad Bible Seminary,
_c2009-2010
300 _av.1, no.2 2009
_av.1, no.3 2009
_av.2, no.1 2010
942 _2ddc
_cBD